000 00205 a2200109 4500
020 _a9780763645182
041 _aspa
100 _aCousins, Lucy
245 _aLa Ropa de Maisy
942 _cBK
952 _74
999 _c20645
_d20645